| 000 | 00980nam a2200289 a 4500 | ||
|---|---|---|---|
| 001 | 000012203 | ||
| 003 | DO-SdBNP | ||
| 005 | 20240826125436.0 | ||
| 007 | ta | ||
| 008 | 091106s1999 dr a 000 j spa d | ||
| 040 |
_aDO-SdBNP _bspa _cBNPHU _erda |
||
| 082 | 4 |
_aRD863.44 _bG643c _222 |
|
| 100 | 1 |
_aGonzález, Geraldino, _d1957- _920628 |
|
| 245 | 1 | 0 |
_aCuentos cortos / _cGeraldino González ; presentación Cosette Bonnelly. |
| 264 |
_aSanto Domingo : _bEl Nuevo Diario, _c1999. |
||
| 300 |
_a71 páginas : _bilustraciones ; _c21 cm. |
||
| 336 |
_2rdaconten. _atexto _btxt |
||
| 337 |
_2rdamedia _asin mediación _bn |
||
| 338 |
_2rdacarrier _avolumen _bnc |
||
| 500 | _aIncluye datos biográficos del autor en la contracubierta. | ||
| 590 | _aInventariado, 2020/YL | ||
| 650 | 0 |
_aCuentos dominicanos _9176 |
|
| 650 | 0 |
_aLiteratura dominicana. _967 |
|
| 700 | 1 |
_aBonnelly, Cosette, _928830 _epresentación |
|
| 910 | _aValidado. Control de calidad MFF | ||
| 942 |
_2ddc _cLBS1 |
||
| 999 |
_c11868 _d11868 |
||